Statistiken für Größte Städte Hessens

Klicken Sie hier um das Quiz zu spielen!

Allgemein

  • Dieses Quiz wurde 32 mal gespielt
  • Das Durchschnittsergebnis liegt bei 10 aus 12

Antwortstatistiken

EinwohnerStadt% Korrekt
773.068Frankfurt am Main
100%
204.202Kassel
100%
283.083Wiesbaden
100%
134.170Offenbach
94%
69.968Fulda
90%
162.243Darmstadt
87%
94.146Gießen
87%
101.364Hanau
81%
77.845Marburg
71%
67.277Rüsselsheim
65%
54.996Bad Homburg
58%
54.187Wetzlar
45%

Verteilung der Resultate

Perzentil nach korrekt beantworteten Fragen

Anzahl Personen mit jedem Resultat

Ihre Resultats-Entwicklung

Sie haben dieses Quiz noch nicht gespielt